[Event "Titled Tuesday intern op 09th May Late"]
[Site "Chess.com INT"]
[Date "2023.05.09"]
[Round "11"]
[White "Martinez, Shawn"]
[Black "Nazari, Arad"]
[Result "1-0"]
[WhiteElo "1881"]
[BlackElo "2367"]
[PlyCount "87"]
[EventDate "2023.05.09"]
[EventType "swiss (blitz)"]
[EventRounds "11"]
[EventCountry "USA"]
[SourceTitle "CBM 214 Extra"]
[Source "ChessBase"]
[SourceDate "2023.07.31"]
[SourceVersion "1"]
[SourceVersionDate "2023.07.31"]
[SourceQuality "1"]

1. e4 c5 2. Nc3 d6 3. Bb5+ Bd7 4. a4 g6 5. f4 Bg7 6. Nf3 a6 7. Bc4 e6 8. 0-0 Ne7 9. d3 0-0 10. Qe1 Nbc6 11. Kh1 Nd4 12. Nxd4 cxd4 13. Ne2 b5 14. Bb3 f5 15. Ng3 fxe4 16. Nxe4 Nf5 17. Ng5 Re8 18. axb5 axb5 19. Rxa8 Qxa8 20. Bd2 d5 21. Qf2 h6 22. Nf3 Qa7 23. Re1 Qc7 24. g4 Ne3 25. Bxe3 dxe3 26. Qxe3 Bxb2 27. Ne5 Bxe5 28. fxe5 Kg7 29. Rf1 Bc6 30. Qf4 Qe7 31. d4 b4 32. Kg2 g5 33. Qf3 Bb5 34. Qf6+ Qxf6 35. Rxf6 Bd7 36. Kg3 Rc8 37. h3 Rc3+ 38. Rf3 Rc8 39. Rf6 Rc7 40. Rf3 Be8 41. Rf6 Bf7 42. Rf3 Bg6 43. Rf6 Rc3+ 44. Rf3 1-0

[Event "Titled Tuesday intern op 28th Mar Late"]
[Site "Chess.com INT"]
[Date "2023.03.28"]
[Round "5"]
[White "Fernandez Garcia, Gumersindo"]
[Black "Martinez, Shawn"]
[Result "1-0"]
[WhiteElo "2172"]
[BlackElo "1881"]
[PlyCount "67"]
[EventDate "2023.03.28"]
[EventType "swiss (blitz)"]
[EventRounds "11"]
[EventCountry "USA"]
[SourceTitle "EXT 2024"]
[Source "ChessBase"]
[SourceDate "2023.10.10"]
[SourceVersion "1"]
[SourceVersionDate "2023.10.10"]
[SourceQuality "1"]

1. d4 d5 2. c4 e6 3. cxd5 exd5 4. Nc3 Nf6 5. Bg5 Be7 6. e3 Nbd7 7. Bd3 b6 8. Nge2 Bb7 9. 0-0 a6 10. Rc1 0-0 11. Bb1 Ne4 12. Bxe7 Qxe7 13. Nxe4 dxe4 14. Rxc7 Bc6 15. Rxc6 f5 16. Nf4 Rac8 17. Qc1 g5 18. Rxc8 gxf4 19. Rxf8+ Kxf8 20. Qc8+ Kf7 21. a3 fxe3 22. fxe3 Nf8 23. Qxf5+ Kg7 24. Ba2 Kh8 25. Qxf8+ Qxf8 26. Rxf8+ Kg7 27. Rf7+ Kg6 28. g4 Kg5 29. h3 Kh4 30. Kg2 h5 31. Be6 hxg4 32. Bxg4 a5 33. Rf5 b5 34. Rh5# 1-0

[Event "Titled Tuesday intern op 28th Mar Late"]
[Site "Chess.com INT"]
[Date "2023.03.28"]
[Round "1"]
[White "Martinez, Shawn"]
[Black "Sai, Krishna GV"]
[Result "0-1"]
[WhiteElo "1881"]
[BlackElo "2385"]
[PlyCount "102"]
[EventDate "2023.03.28"]
[EventType "swiss (blitz)"]
[EventRounds "11"]
[EventCountry "USA"]
[SourceTitle "EXT 2024"]
[Source "ChessBase"]
[SourceDate "2023.10.10"]
[SourceVersion "1"]
[SourceVersionDate "2023.10.10"]
[SourceQuality "1"]

1. d4 d5 2. Nf3 e6 3. e3 Nf6 4. Bd3 Nbd7 5. b3 c5 6. Bb2 Qc7 7. Nbd2 Bd6 8. 0-0 0-0 9. c4 b6 10. Rc1 Bb7 11. Re1 Rac8 12. cxd5 exd5 13. Bf5 Rcd8 14. h3 Qb8 15. Bb1 Rfe8 16. Nh4 Ne4 17. Nxe4 dxe4 18. Nf5 Bf8 19. Qg4 g6 20. dxc5 bxc5 21. Qg5 Ne5 22. Nh6+ Bxh6 23. Qxh6 Qd6 24. Red1 Qxd1+ 25. Rxd1 Rxd1+ 26. Kh2 Rxb1 27. Bxe5 Rxe5 28. Qf4 Re8 29. Qc7 Ba8 30. Qxc5 Rb2 31. Kg3 Rxa2 32. h4 h5 33. Kf4 Kh7 34. f3 exf3 35. gxf3 Ra6 36. Kg5 Rae6 37. e4 Re5+ 38. Qxe5 Rxe5+ 39. Kf6 Rb5 40. Kxf7 Rxb3 41. e5 Rxf3+ 42. Ke7 Re3 43. Kf6 a5 44. e6 a4 45. e7 a3 46. Kf7 a2 47. e8Q Rxe8 48. Kxe8 a1Q 49. Kf8 Qf6+ 50. Ke8 Qxh4 51. Kf7 Qf4+ 0-1

[Event "Titled Tuesday intern op 21st Mar Early"]
[Site "Chess.com INT"]
[Date "2023.03.21"]
[Round "4"]
[White "Larina, Marija"]
[Black "Martinez, Shawn"]
[Result "0-1"]
[WhiteElo "1948"]
[BlackElo "1881"]
[PlyCount "46"]
[EventDate "2023.03.21"]
[EventType "swiss (blitz)"]
[EventRounds "11"]
[EventCountry "USA"]
[SourceTitle "EXT 2024"]
[Source "ChessBase"]
[SourceDate "2023.10.10"]
[SourceVersion "1"]
[SourceVersionDate "2023.10.10"]
[SourceQuality "1"]

1. e4 c5 2. Nc3 e6 3. Nf3 a6 4. d4 cxd4 5. Nxd4 Bb4 6. Bd2 d6 7. a3 Bxc3 8. Bxc3 Nf6 9. Qf3 0-0 10. g4 Nbd7 11. g5 Ne5 12. Qg3 Nxe4 13. Qe3 Nxc3 14. Qxc3 Qxg5 15. h4 Qf4 16. Bg2 Bd7 17. Ne2 Qf6 18. Bxb7 Rab8 19. Bg2 Rfc8 20. Qd4 Rxc2 21. b4 Bb5 22. Ng3 Nf3+ 23. Bxf3 Qxd4 0-1